• 首页
  • 本馆介绍
  • 公告通知
  • 最新文献
  • 馆藏检索
  • 电子资源
  • 读者导购
  • 参考咨询
  • 我的图书馆
  • 登录
  • 详细信息显示
  • 放入我的书架
  • 预约/预借图书
  • 作者相关作品
  • 分类相关作品
  • 丛书相关作品
  • 出版社相关作品

书目信息

  • 表格格式
  • 工作单格式
  • 卡片格式
题名:
化工工艺操作技能实训
    
 
作者: 李慧 , 魏凤琴 主编
分册:  
出版信息: 北京   化学工业出版社  2016
页数: 162页
开本: 26cm
丛书名:
单 册:
中图分类: TQ06
科图分类:
主题词: 化学工业--教材--高等职业教育--工艺学
电子资源:
ISBN: 978-7-122-25670-6
000 00889nam0 2200241 450
001 277
005 20160905165619.29
010    @a978-7-122-25670-6@dCNY28.00
100    @a20160202d2016 em y0chiy50 ea
101 0  @achi
102    @aCN@b110000
105    @aa z 000yy
200 1  @a化工工艺操作技能实训@9hua gong gong yi cao zuo ji neng shi xun@f李慧,魏凤琴主编
210    @a北京@c化学工业出版社@d2016
215    @a162页@c图@d26cm
300    @a高职高专“十二五”规划教材 内蒙古自治区级示范高等职业院校建设校企合作系列教材
330    @a本书主要针对化工企业的各个化工单元操作岗位进行编排。主要内容有:流体的输送、传热、干燥、过滤、精馏、吸收和蒸发七个实训项目。
606 0  @a化学工业@j教材@x高等职业教育@x工艺学
690    @aTQ06@v5
701  0 @a李慧@9li hui@4主编
701  0 @a魏凤琴@9wei feng qin@4主编
801  0 @aCN@b唐山师范学院图书馆@c20160721
905    @aZUCC@dTQ06@e262
    
    化工工艺操作技能实训/李慧,魏凤琴主编.-北京:化学工业出版社,2016
    162页:图;26cm
    高职高专“十二五”规划教材 内蒙古自治区级示范高等职业院校建设校企合作系列教材
    
    ISBN 978-7-122-25670-6:CNY28.00
    本书主要针对化工企业的各个化工单元操作岗位进行编排。主要内容有:流体的输送、传热、干燥、过滤、精馏、吸收和蒸发七个实训项目。
●
相关链接 在E读中查询图书 在五车中查询图书 在当当中查询图书 在豆瓣中查询图书


正题名:化工工艺操作技能实训     索取号:TQ06/262         预约/预借

序号 登录号 条形码 馆藏地/架位号 状态 备注
1 901184   209011843   第二样本阅览室/ [索取号:TQ06/262] 在馆    
2 901185   209011852   第三借阅区/ [索取号:TQ06/262] 在馆    
3 901186   209011861   第三借阅区/ [索取号:TQ06/262] 在馆    
4 901187   209011870   密集书库-化学系/ [索取号:TQ06/262] 在馆    
唐山师范学院图书馆 欢迎您!
大连网信软件有限公司© 版权所有